|
|
|
|
| LEADER |
00000nam0a2200000 4500 |
| 001 |
194717 |
| 005 |
20231101224556.0 |
| 010 |
|
|
|a 9785904270568
|
| 035 |
|
|
|a (RuTPU)RU\TPU\book\212392
|
| 090 |
|
|
|a 194717
|
| 100 |
|
|
|a 20110421d2011 m y0rusy50 ca
|
| 101 |
0 |
|
|a rus
|
| 102 |
|
|
|a RU
|
| 105 |
|
|
|a a j 001zy
|
| 200 |
1 |
|
|a Магнитный контроль
|e учебное пособие для вузов
|f А. С. Бакунов, Э. С. Горкунов, В. Е. Щербинин
|g Российское общество по неразрушающему контролю и технической диагностике (РОНКТД) ; под ред. В. В. Клюева
|
| 210 |
|
|
|a Москва
|c Спектр
|d 2011
|
| 215 |
|
|
|a 192 с.
|c ил.
|
| 225 |
1 |
|
|a Диагностика безопасности
|
| 320 |
|
|
|a Библиогр.: с. 179.
|
| 320 |
|
|
|a Термины и определения: с. 180-191.
|
| 330 |
|
|
|a Описано явление магнетизма и изложены физические основы магнитного метода неразрушающего контроля. Представлена классификация и дано описание преобразователей параметров магнитного поля в электрические величины. Показана взаимосвязь между магнитными параметрами и механическими характеристиками ферромагнитных материалов. Показаны общие закономерности изменения магнитных, электрических и механических свойств сталей при вариации режимов термообработки и представлены возможности использования магнитных характеристик для контроля качества закалки и отпуска, поверхностного упрочнения и оценки напряженного состояния изделий. Приведено описание основных вариантов использования магнитного метода для решения задач дефектоскопии и толщинометрии. Показаны основные приемы построения приборов для магнитного неразрушающего контроля. Книга может быть использована в качестве пособия для подготовки студентов и специалистов, обучающихся по направлениям технической диагностики, контроля качества и безопасности изделий и конструкций. Учебное пособие рекомендуется для подготовки к аттестации специалистов 1, 2 и 3 уровней НК по международной и европейской системам аттестации, а также в качестве базового материала для дистанционного обучения специалистов по НК.
|
| 606 |
1 |
|
|a Дефектоскопия магнитная
|2 stltpush
|3 (RuTPU)RU\TPU\subj\9373
|9 36632
|
| 610 |
1 |
|
|a магнитный контроль
|
| 610 |
1 |
|
|a магнитные методы
|
| 610 |
1 |
|
|a физические основы
|
| 610 |
1 |
|
|a магнитные поля
|
| 610 |
1 |
|
|a первичные преобразователи
|
| 610 |
1 |
|
|a магнитная структуроскопия
|
| 610 |
1 |
|
|a магнитная толщинометрия
|
| 610 |
1 |
|
|a учебные пособия
|
| 675 |
|
|
|a 620.179.14(075.8)
|v 3
|
| 700 |
|
1 |
|a Бакунов
|b А. С.
|g Александр Сергеевич
|
| 701 |
|
1 |
|a Горкунов
|b Э. С.
|g Эдуард Степанович
|
| 701 |
|
1 |
|a Щербинин
|b В. Е.
|g Виталий Евгеньевич
|
| 702 |
|
1 |
|a Клюев
|b В. В.
|4 340
|
| 712 |
0 |
2 |
|a Российское общество по неразрушающему контролю и технической диагностике (РОНКТД)
|2 stltpush
|3 (RuTPU)RU\TPU\col\17335
|
| 801 |
|
1 |
|a RU
|b 63413507
|c 20110421
|
| 801 |
|
2 |
|a RU
|b 63413507
|c 20150528
|g RCR
|
| 900 |
|
|
|a Физические методы контроля
|
| 942 |
|
|
|c BK
|
| 959 |
|
|
|a 43/20110421
|d 5
|e 650,00
|f ЧЗТЛ:1
|f АНЛ:1
|f УФ:3
|